| Поле | Инд. | ПП | Название | Значение |
|---|---|---|---|---|
| Тип записи | a | |||
| Библиографический уровень | m | |||
| 001 | Контрольный номер | RU/IS/BASE/182445812 | ||
| 005 | Дата корректировки | 20230216103454.7 | ||
| 020 | a | ISBN | 985-438-042-4 | |
| 040 | b | Код языка каталог. | rus | |
| 041 | 0_ | a | Код языка текста | rus |
| 080 | 00 | a | Индекс УДК | 004.42 |
| 084 | a | Индекс другой классификации/Индекс ББК | 32.973 | |
| 090 | 00 | a | Полочн. индекс | 681.3 |
| x | Авторский знак | С79 | ||
| 097 | b | Оператор | 11 | |
| 100 | 10 | a | Автор | Стернс Т. |
| 245 | 00 | a | Заглавие | Изучи сам Visual FoхPro 3.0. сегодня |
| c | Ответственность | пер. с англ. | ||
| 260 | 00 | a | Место издания | Мн. |
| b | Издательство | Попурри | ||
| c | Дата издания | 1997 | ||
| 300 | 00 | a | Объем | 480 с. |
| b | Иллюстрации/ тип воспроизводства | ил. | ||
| 510 | 0_ | a | Примечание о ссылках | Книги и методические пособия |
| 650 | 04 | a | Основная рубрика | 50.41 Программное обеспечение вычислительных машин, комплексов и сетей |
| x | Основная подрубрика | 50.41.25 Прикладное программное обеспечение | ||
| 653 | 00 | a | Ключевые слова | базы данных; Visual Foxpro; программы (выч. техника); прикладные программы |
| 700 | 10 | a | Другие авторы | Стернс Л. |
| 901 | t | Тип документа | m |